000 00811nam a2200265 a 4500
001 BRL_1864
005 20190320211414.0
008 110815s1982----mx-a######---#000-0#spa-#
020 _a9686661018
041 _aspa
044 _amx
050 4 _aGT625
_b.L43 1982
100 1 _aLechuga, Ruth D.
_94883
245 1 0 _aLa indumentaria en el México indígena
_cRuth D. Lechuga.
260 _aMixcoac, D.F.
_bFondo Nacional para el Fomento de las Artesanías : FONAPAS
_c1982
300 _a48 p.
_bil.
_c21 cm.
500 _aAu2213
500 _a1982 año interamericano de las artesanias
504 _aBibliografía: p. 47-48
650 1 4 _aIndumentaria
_zMéxico
_9808
650 1 4 _aIndígenas de México
_xIndumentaria
_92447
650 1 4 _aArtesanías
_zMéxico
_93976
902 _aGRL
942 _2lcc
_cB
999 _c10672
_d10672